LIBRARY ONLINE CATALOGUE

International business : (Record no. 8676)

MARC details
000 -LEADER
fixed length control field 00835cam a22002412 4500
001 - CONTROL NUMBER
control field 0000018850
005 - DATE AND TIME OF LATEST TRANSACTION
control field 20151217152136.0
008 - FIXED-LENGTH DATA ELEMENTS--GENERAL INFORMATION
fixed length control field 100809s xx 000 0 eng d
020 ## - INTERNATIONAL STANDARD BOOK NUMBER
International Standard Book Number 0070221790 :
040 ## - CATALOGING SOURCE
Original cataloging agency KABU
Transcribing agency KABU
050 #0 - LIBRARY OF CONGRESS CALL NUMBER
Classification number HD62.4
Item number .H55 2009
100 1# - MAIN ENTRY--PERSONAL NAME
Personal name Hill, Charles W.
-- 0000150896
245 10 - TITLE STATEMENT
Title International business :
Remainder of title competing in the global marketplace /
Statement of responsibility, etc. charles W. L. Hill, Arun Kumar Jain .
250 ## - EDITION STATEMENT
Edition statement 6th ed.
260 ## - PUBLICATION, DISTRIBUTION, ETC. (IMPRINT)
Place of publication, distribution, etc. New Delhi :
Name of publisher, distributor, etc. Tata McGraw-Hilll,
Date of publication, distribution, etc. c2009.
300 ## - PHYSICAL DESCRIPTION
Extent xxv, 942 p.
650 #0 - SUBJECT ADDED ENTRY--TOPICAL TERM
Topical term or geographic name as entry element International business enterprises
General subdivision Management.
-- 0000150891
650 #0 - SUBJECT ADDED ENTRY--TOPICAL TERM
Topical term or geographic name as entry element Competition, International.
-- 0000069945
852 1# - LOCATION
-- p2970 KES
852 1# - LOCATION
-- p2970 KES
908 ## - PUT COMMAND PARAMETER (RLIN)
Put command parameter 100809
950 ## - LOCAL HOLDINGS (RLIN)
-- 1
Holdings
Withdrawn status Lost status Source of classification or shelving scheme Not for loan Home library Current library Date acquired Total Checkouts Total Renewals Full call number Barcode Date last seen Date last checked out Copy number Price effective from Koha item type
    Library of Congress Classification   Kabarak, Main Campus Kabarak, Main Campus 17/12/2015     HD62.4 .H55 2009 c. 1 24343 02/08/2024     17/12/2015 General Collection
    Library of Congress Classification   Kabarak, Nakuru City Campus Kabarak, Nakuru City Campus 17/12/2015 2 1 HD62.4 .H55 2009 c. 1 24340 23/08/2022 15/09/2017 C.1 17/12/2015 General Collection